| 000 | 00505nam a2200193 u 4500 | ||
|---|---|---|---|
| 001 | 000292934 | ||
| 003 | AM-YeHGA | ||
| 005 | 20250617125930.0 | ||
| 008 | 031211s1845 ||||||||r|||||000|0|fre|d | ||
| 040 | _aAM-YeHGA | ||
| 041 | 0 | _afre | |
| 100 | 1 | _aLalanne, Ludovic | |
| 245 | 1 | 0 |
_aCuriosites bibliographiques / _cLudovic Lalanne. |
| 260 |
_aParis : _bPaulin, Libraire - Editeur, _c1845. |
||
| 300 | _a469 p. | ||
| 440 | 0 |
_aBibliotheque de Poche _vVol. 2 |
|
| 653 | 0 | _aBibliography | |
| 090 | _c108649 | ||
| 999 |
_c107322 _d107322 |
||